Phase equilibria in chimical engineering

Bibliographic Details
Main Author: Walas, Stanley M.
Format: Section = Libro
Language:Undetermined
Spanish
Published: London Butterworths 1985
Subjects:
LEADER 00492nam a2200193Ia 4500
008 240830s9999 xx 000 0 und d
020 |a 0-409-95162-5 
040 |a CEDOC FIQ-RUSB / 539 W151 
041 |a spa 
082 |a 539 W151 
100 1 |a Walas, Stanley M. 
245 1 0 |a Phase equilibria in chimical engineering 
260 |a London  |b Butterworths  |c 1985 
300 |a 671 p.: il. 
650 7 |a FISICOQUIMICA 
650 7 |b  EQUILIBRIO QUIMICO 
942 |c BK  |2 ddc 
991 |a TEXTO 
999 |c 13373